000 01712cam a22004574i 4500
003 PE-LiUPU
005 20250731173019.0
008 150623s1995 ilu rb 000 0 eng d
035 _a(Sirsi) a23281
040 _aPE-LiUPU
_bspa
_cPE-LiUPU
_erda
082 0 4 _a236.9
_bP28
_221
100 1 _aPate, C. Marvin,
_d1952-,
_eautor.
245 1 0 _aDoomsday delusions :
_bwhat's wrong with predictions about the end of the world /
_cC. Marvin Pate & Calvin B. Haines, Jr.
264 1 _aDowners Grove, Illinois :
_bInterVarsity Press,
_c1995.
300 _a180 páginas ;
_c21 centímetros
336 _atext
_2rdacontent
337 _aunmediated
_2rdamedia
338 _avolume
_2rdacarrier
504 _aIncluye bibliografía.
505 0 _aWhen prophecy fails -- The signs of the times -- This generation will not pass away -- The separation of the saints -- Why kingdom did not come.
526 _aSEG42
526 _aSEG41
526 _aSEG40
526 _aSEG39
526 _aP94
526 _aP87
526 _aP86
526 _aP85
526 _aP77
526 _aP76
526 _aP35
630 _aBiblia
_xProfecías
_vFin del mundo.
630 _aBiblia
_xCrítica, interpretación, etc.
650 0 4 _aFin del mundo.
700 1 _aHaines Calvin, B.,
_eautor.
942 _2ddc
_cBOOK
949 _a236.9 P28
_wDEWEY
_c1
_i47386
_lCCODEBUL1
_mBUL
_p00.00
_r0
_sY
_tBOOK
_u2015-06-24
_xTEOLOGIA
_PP35
_0COMPRA
_o.STAFF. Colección Teología
596 _a1
999 _a236.9 P28
_wDEWEY
_c23941
_i47386
_d23941
_e2016-3-21
_f2021-11-10
_g5
_lCCODEBUL1
_mBUL
_n3
_p20.00
_r0
_sY
_tBOOK
_u2015-6-24
_xTEOLOGIA
_PP35
_0COMPRA
_o.STAFF. Colección Teología
980 _81
_gALBERTO SANCHEZ Responsable de Automatización